| 000 | 00731cam a2200205 4500 | ||
|---|---|---|---|
| 001 | WB3608-02 | ||
| 008 | 000000n2000 000 0 eng u | ||
| 035 | _a(Sirsi) u104304 | ||
| 245 | _aMore freedom in fire regs | ||
| 260 | _c2000 | ||
| 490 |
_aContract Journal _v402(6264) 16 February 2000, 13(1) |
||
| 520 | _aIn response to pressure from fire experts, the revised Building Regulations gives designers more freedom to use fire safety engineering when designing large and complex buildings | ||
| 590 | _aWB | ||
| 650 | _aBUILDING REGULATIONS 1991 PART B | ||
| 650 | _aFIRE SAFETY ENGINEERING | ||
| 650 | _aFIRE REGULATIONS | ||
| 650 | _aDESIGN PROCESS | ||
| 690 | _aBUILT ENVIRONMENT-BUILDING STANDARDS | ||
| 942 | _n0 | ||
| 999 |
_c62581 _d62581 |
||